| 000 | 00664nam a2200181 a 4500 | ||
|---|---|---|---|
| 020 | _a971104126X | ||
| 040 | _cDLC | ||
| 082 | 0 | 0 | _a630 IRR 1985 C165 Or. |
| 245 | 1 | 0 |
_aEducation for agriculture : _bproceedings of the Symposium on Education for Agriculture, 12-16 November 1984 / |
| 260 |
_aManila, Philippines : _bThe Institute, _c1985. |
||
| 300 |
_avi, 204 p. : _bill. ; _c23 cm. |
||
| 650 | 0 | _aAgricultural education | |
| 650 | 0 | _aAgricultural education | |
| 710 | 2 | _aInternational Council of Scientific Unions. | |
| 710 | 2 | _aAsian Association of Agricultural Colleges and Universities. | |
| 710 | 2 | _aInternational Rice Research Institute. | |
| 942 | _cAEDBB | ||
| 999 |
_c19339 _d19339 |
||